| 000 | 00000nam##2200000za#4500 |
| 001 | 9.651827 |
| 003 | CaOODSP |
| 005 | 20240209132414 |
| 007 | ta |
| 008 | 150407|2002||||xxc||||| f|0| 0 eng|d |
| 040 | |aCaOODSP|beng |
| 043 | |an-cn--- |
| 086 | 1 |aIu89-4/39-2002E |
| 110 | 2 |aAtlantic Canada Opportunities Agency. |
| 245 | 10|aForeign direct investment in Atlantic Canada / |c[produced by the] Atlantic Provinces Economic Council (APEC). |
| 260 | |aHalifax - Nova Scotia : |bAtlantic Canada Opportunities Agency |cMay 2002. |
| 300 | |avii, 50p. : |bgraphs, references, tables ; |c28 cm. |
| 520 | 3 |aAnalyses the extent of Foreign direct investment (FDI) in Atlantic Canada, examines the determinants and impact of FDI at the sub-national level, and draws out the policy implications for the region. |
| 563 | |aCerlox |
| 590 | |a10-03|b2010-01-22 |
| 690 | 07|aAtlantic provinces|2gcpds |
| 690 | 07|aForeign investments|2gcpds |
| 775 | 08|tL'investissement étranger direct au Canada atlantique / |w(CaOODSP)9.684831 |
| 776 | 0#|tForeign direct investment in Atlantic Canada / |w(CaOODSP)9.694083 |